Online katalóg knižníc regiónu Turca

Piesne (Record no. 20429)

MARC details
000 -LEADER
fixed length control field 01037nam a2200349 a 4500
001 - CONTROL NUMBER
control field 20429
003 - CONTROL NUMBER IDENTIFIER
control field VRT
005 - DATE AND TIME OF LATEST TRANSACTION
control field 20260122135541.0
008 - FIXED-LENGTH DATA ELEMENTS--GENERAL INFORMATION
fixed length control field 960531q1995 xo p 000 p slo c
020 ## - INTERNATIONAL STANDARD BOOK NUMBER
International Standard Book Number 8088834066 (brož.)
035 ## - SYSTEM CONTROL NUMBER
System control number UKB000184595
040 ## - CATALOGING SOURCE
Original cataloging agency BAA001
Language of cataloging slo
Transcribing agency BAA001
Description conventions AACR2
041 1# - LANGUAGE CODE
Language code of text/sound track or separate title slo
044 ## - COUNTRY OF PUBLISHING/PRODUCING ENTITY CODE
MARC country code xo
ISO country code SK
080 ## - UNIVERSAL DECIMAL CLASSIFICATION NUMBER
Universal Decimal Classification number 398.8(087.5)
243 10 - COLLECTIVE UNIFORM TITLE
Uniform title <a href="Renesančná literatúra">Renesančná literatúra</a>
245 10 - TITLE STATEMENT
Title Piesne
Remainder of title (historické, ľúbostné, študentské a zbojnícke)
260 ## - PUBLICATION, DISTRIBUTION, ETC.
Place of publication, distribution, etc. Rohovce
Name of publisher, distributor, etc. Interpopulart Slovakia
Date of publication, distribution, etc. [1995]
300 ## - PHYSICAL DESCRIPTION
Extent 129 s
490 1# - SERIES STATEMENT
Series statement Populart. Študentská knižnica
Volume/sequential designation 7
500 ## - GENERAL NOTE
General note Renesančná literatúra
504 ## - BIBLIOGRAPHY, ETC. NOTE
Bibliography, etc. note Bibliogr. s. 128
650 07 - SUBJECT ADDED ENTRY--TOPICAL TERM
Topical term or geographic name entry element piesne ľudové
653 ## - INDEX TERM--UNCONTROLLED
Uncontrolled term 398.8(087.5)
760 1# - MAIN SERIES ENTRY
Title Populart. Študentská knižnica
830 #0 - SERIES ADDED ENTRY--UNIFORM TITLE
Uniform title Populart. Študentská knižnica
Volume/sequential designation 7
910 ## - USER-OPTION DATA (OCLC)
User-option data ukb
942 ## - ADDED ENTRY ELEMENTS (KOHA)
Source of classification or shelving scheme Dewey Decimal Classification
Koha item type Krásna literatúra pre dospelých
Suppress in OPAC No
949 ## - LOCAL PROCESSING INFORMATION (OCLC)
6 1800004767
a 30.D.64387
b PV.1827-96
949 ## - LOCAL PROCESSING INFORMATION (OCLC)
6 1800004766
a SL.D.23196
b PV.1828-96
949 ## - LOCAL PROCESSING INFORMATION (OCLC)
6 1800006904
a 30.D.64387
b KD.160-96
Holdings
Stav vyradenia Strata Poškodenie Spôsob nadobudnutia Domovská knižnica Aktuálna knižnica Dátum nadobudnutia Total checkouts Čiarový kód exemplára Date last seen Typ exemplára
      Dar Obecná knižnica Horná Štubňa Obecná knižnica Horná Štubňa 22.01.2026   8088834066 22.01.2026 Krásna literatúra pre dospelých
Projekt je podporený Slovenskou asociáciou knižníc
Prevádzkuje Turčianska knižnica Martin 2026